[Manažment ľudských zdrojov]
Recenzia na publikáciu, ktorá vznikla na pôde Katedry marketingu Obchodnej fakulty Ekonomickej univerzity v Bratislave ako výstup riešeného projektu VEGA č. 1/0251/08 Skúmanie faktorov a determinantov európskeho podnikateľského prostredia a marketingové stratégie pre slovenské podniky na jednotnom t...
Uložené v:
| Hlavný autor: | |
|---|---|
| Médium: | Kapitola |
| Jazyk: | Slovak |
| Predmet: | |
| Tagy: |
Žiadne tagy, Buďte prvý, kto otaguje tento záznam!
|
MARC
| LEADER | 00000naa a2200000 4500 | ||
|---|---|---|---|
| 001 | 0145786 | ||
| 005 | 20240502072631.1 | ||
| 041 | 0 | |a slo | |
| 044 | |a SK | ||
| 245 | 1 | 0 | |a [Manažment ľudských zdrojov] |c Eva Hvizdová ml. |
| 520 | |a Recenzia na publikáciu, ktorá vznikla na pôde Katedry marketingu Obchodnej fakulty Ekonomickej univerzity v Bratislave ako výstup riešeného projektu VEGA č. 1/0251/08 Skúmanie faktorov a determinantov európskeho podnikateľského prostredia a marketingové stratégie pre slovenské podniky na jednotnom trhu EÚ s podporou špecifického marketingového inštrumentária. | ||
| 610 | 2 | 0 | |a recenzie |
| 610 | 2 | 0 | |a riadenie ľudských zdrojov |
| 610 | 2 | 0 | |a história |
| 610 | 2 | 0 | |a motivácia pracovná |
| 610 | 2 | 0 | |a miesta pracovné |
| 100 | 1 | |a Hvizdová, Eva, ml. | |